| 000 | 00454nam a2200169Ia 4500 | ||
|---|---|---|---|
| 003 | GCL | ||
| 008 | 140319s9999 xx 000 0 aSpa d | ||
| 020 | _a9879458427 | ||
| 040 |
_aGCL / _cGCL |
||
| 082 | 0 | 4 |
_a110 _bC M |
| 100 | 1 | _aCEDENO, RUBEN | |
| 245 | 1 | 0 |
_aMAGNO LIBRO DE LA ENSENANZA / _cCEDENO, RUBEN |
| 260 |
_aالارجنتين : _bEDITORIAL SENORA PORTENA ، _c2004 |
||
| 300 |
_a24 CM ؛ _c347 P |
||
| 650 | 0 | 4 | _aMETAPHYSICS |
| 942 |
_2ddc _cBK |
||
| 999 |
_c6888 _d6888 |
||